[Event "Titled Tuesday intern op 07th Jan Early"]
[Site "Chess.com INT"]
[Date "2025.01.07"]
[Round "4"]
[White "Kejna, Piotr"]
[Black "Shankland, Samuel L"]
[Result "1-0"]
[WhiteElo "2254"]
[BlackElo "2670"]
[PlyCount "57"]
[EventDate "2025.01.07"]
[EventType "swiss (blitz)"]
[EventRounds "11"]
[EventCountry "USA"]
[SourceTitle "CB03_2025"]
[SourceDate "2025.01.15"]
[SourceVersion "1"]
[SourceVersionDate "2025.01.15"]
[SourceQuality "1"]

1. e4 c6 2. d4 d5 3. Nc3 dxe4 4. Nxe4 Bf5 5. Ng3 Bg6 6. h4 h6 7. Nh3 Nf6 8. Nf4 Bh7 9. Bc4 Nbd7 10. c3 e6 11. Nfh5 Qb6 12. 0-0 0-0-0 13. a4 Nxh5 14. Nxh5 Be7 15. Bf4 g5 16. a5 Qxb2 17. Bh2 Qc2 18. Qf3 Qe4 19. Qxf7 Rde8 20. Rfe1 Qg6 21. Qf3 g4 22. Qg3 e5 23. dxe5 Qxh5 24. e6 Ne5 25. Rxe5 Qxh4 26. Qe3 Bd6 27. Qxa7 Bb8 28. Qa8 Rhf8 29. Bg3 1-0

[Event "Titled Tuesday intern op 07th Jan Early"]
[Site "Chess.com INT"]
[Date "2025.01.07"]
[Round "3"]
[White "Shankland, Samuel L"]
[Black "Arias, Juan Cruz"]
[Result "1/2-1/2"]
[WhiteElo "2670"]
[BlackElo "2347"]
[PlyCount "89"]
[EventDate "2025.01.07"]
[EventType "swiss (blitz)"]
[EventRounds "11"]
[EventCountry "USA"]
[SourceTitle "CB03_2025"]
[SourceDate "2025.01.15"]
[SourceVersion "1"]
[SourceVersionDate "2025.01.15"]
[SourceQuality "1"]

1. e4 c6 2. d4 d5 3. e5 c5 4. Nf3 cxd4 5. Nxd4 Nc6 6. c4 e6 7. Nc3 Bb4 8. Nxc6 bxc6 9. Qa4 a5 10. Be2 Ne7 11. 0-0 0-0 12. a3 Bxc3 13. bxc3 Ba6 14. Be3 dxc4 15. Bc5 Re8 16. Bxe7 Rxe7 17. Rfd1 Qc7 18. Rd6 Bb5 19. Qd1 a4 20. Qd4 Rae8 21. Rd1 Qa7 22. Bxc4 Qxd4 23. R1xd4 Rb7 24. h4 h5 25. g3 Bxc4 26. Rxc4 Rb3 27. Rcxc6 Rxa3 28. Rc7 Ra1+ 29. Kg2 a3 30. Ra6 a2 31. Raa7 Rf8 32. c4 Kh7 33. c5 Kg6 34. c6 Kf5 35. Rxf7+ Rxf7 36. Rxf7+ Kxe5 37. Ra7 Kd6 38. c7 Kd7 39. Kf3 e5 40. Kg2 Kc8 41. f3 Kd7 42. Kh2 Kc8 43. Kg2 Kd7 44. Kh2 Kc8 45. Kg2 1/2-1/2

[Event "Wch Blitz"]
[Site "New York"]
[Date "2024.12.30"]
[Round "1"]
[White "Batsuren, Dambasuren"]
[Black "Shankland, Samuel L"]
[Result "0-1"]
[WhiteElo "2531"]
[BlackElo "2672"]
[PlyCount "60"]
[EventDate "2024.12.30"]
[EventType "swiss (blitz)"]
[EventRounds "13"]
[EventCountry "USA"]
[SourceTitle "CB01_2025"]
[SourceDate "2025.01.01"]
[SourceVersion "1"]
[SourceVersionDate "2025.01.01"]
[SourceQuality "1"]

1. d4 Nf6 2. c4 g6 3. g3 c5 4. d5 b5 5. cxb5 a6 6. bxa6 Bg7 7. Nc3 0-0 8. Bg2 d6 9. Nf3 Nxa6 10. 0-0 Bf5 11. Nd2 Nb4 12. e4 Bc8 13. Nc4 Ba6 14. Qe2 Nd7 15. Nd1 Ne5 16. Nde3 Qb8 17. Rd1 Qa7 18. a3 Nbd3 19. Rxd3 Nxc4 20. Qc2 Nxb2 21. Rb3 Nd3 22. Rab1 c4 23. Rb6 Bd4 24. Rc6 Rab8 25. Rxb8 Rxb8 26. Bf1 Ne5 27. Rxa6 Qxa6 28. Nxc4 Rc8 29. Qd1 Rxc4 30. Bh6 Qa4 0-1

[Event "Wch Blitz"]
[Site "New York"]
[Date "2024.12.30"]
[Round "5"]
[White "Carlsen, Magnus"]
[Black "Shankland, Samuel L"]
[Result "1/2-1/2"]
[WhiteElo "2831"]
[BlackElo "2672"]
[PlyCount "94"]
[EventDate "2024.12.30"]
[EventType "swiss (blitz)"]
[EventRounds "13"]
[EventCountry "USA"]
[SourceTitle "CB01_2025"]
[SourceDate "2025.01.01"]
[SourceVersion "1"]
[SourceVersionDate "2025.01.01"]
[SourceQuality "1"]

1. c4 g6 2. g3 Bg7 3. Bg2 Nf6 4. Nc3 0-0 5. Nf3 c5 6. d4 d5 7. cxd5 Nxd5 8. 0-0 Nc6 9. Nxd5 Qxd5 10. Be3 cxd4 11. Nxd4 Qc4 12. b3 Qa6 13. Nxc6 bxc6 14. Rc1 Qxa2 15. Rxc6 Bb7 16. Rc7 Bxg2 17. Kxg2 Bf6 18. Bh6 Rfd8 19. Qc2 Qxc2 20. Rxc2 Rac8 21. Rfc1 Rxc2 22. Rxc2 Bg7 23. Be3 a6 24. Rc6 Ra8 25. b4 e6 26. Bb6 Bf8 27. Ba5 Rb8 28. Rc4 Be7 29. Kf3 Kf8 30. Ke3 Ke8 31. Kd3 Bd6 32. e4 Kd7 33. f4 e5 34. f5 h5 35. h3 Rg8 36. g4 hxg4 37. hxg4 Rh8 38. fxg6 fxg6 39. Rc2 Rh4 40. Rf2 Rxg4 41. Rf7+ Kc6 42. Ra7 Kb5 43. Rb7+ Ka4 44. Rb6 Bf8 45. Rxa6 Bxb4 46. Bc7+ Kb5 47. Re6 Rg3+ 1/2-1/2

[Event "Wch Blitz"]
[Site "New York"]
[Date "2024.12.30"]
[Round "11"]
[White "Lenderman, Aleksandr"]
[Black "Shankland, Samuel L"]
[Result "1-0"]
[WhiteElo "2480"]
[BlackElo "2672"]
[PlyCount "93"]
[EventDate "2024.12.30"]
[EventType "swiss (blitz)"]
[EventRounds "13"]
[EventCountry "USA"]
[SourceTitle "CB01_2025"]
[SourceDate "2025.01.01"]
[SourceVersion "1"]
[SourceVersionDate "2025.01.01"]
[SourceQuality "1"]

1. d4 Nf6 2. Nf3 g6 3. g3 Bg7 4. Bg2 c5 5. c3 Qb6 6. 0-0 0-0 7. Na3 d6 8. Re1 Bf5 9. Qb3 Nc6 10. dxc5 dxc5 11. Be3 Rfd8 12. Nc4 Qa6 13. Ng5 b5 14. Qa3 Qxa3 15. Nxa3 Nd5 16. Bxc5 b4 17. e4 bxa3 18. Bxa3 Be6 19. Nxe6 fxe6 20. exd5 exd5 21. Rad1 Kf8 22. Bxd5 Rac8 23. Bxc6 Rxd1 24. Bxe7+ Kf7 25. Rxd1 Rxc6 26. Rd7 Ke6 27. Rxa7 Be5 28. Bg5 h5 29. h4 Rb6 30. Bc1 Bxc3 31. bxc3 Rb1 32. Kg2 Rxc1 33. Ra6+ Kf5 34. Ra5+ Ke6 35. Ra3 Rc2 36. Kf3 Kf5 37. Ke3 Kg4 38. Ra4+ Kh3 39. c4 Kg2 40. Kd4 Kxf2 41. Ra3 Rd2+ 42. Ke4 Rc2 43. Kd5 Rd2+ 44. Kc6 Rd8 45. c5 Rc8+ 46. Kd6 Rd8+ 47. Kc7 1-0

[Event "Wch Blitz"]
[Site "New York"]
[Date "2024.12.30"]
[Round "12"]
[White "Moroni, Luca Jr"]
[Black "Shankland, Samuel L"]
[Result "1-0"]
[WhiteElo "2550"]
[BlackElo "2672"]
[PlyCount "78"]
[EventDate "2024.12.30"]
[EventType "swiss (blitz)"]
[EventRounds "13"]
[EventCountry "USA"]
[SourceTitle "CB01_2025"]
[SourceDate "2025.01.01"]
[SourceVersion "1"]
[SourceVersionDate "2025.01.01"]
[SourceQuality "1"]

1. c4 g6 2. g3 Bg7 3. Bg2 Nf6 4. Nc3 0-0 5. Nf3 d5 6. cxd5 Nxd5 7. h4 e5 8. Nxd5 Qxd5 9. d3 Nc6 10. h5 Bg4 11. hxg6 hxg6 12. Bh6 Bxh6 13. Rxh6 Nd4 14. Qd2 Bxf3 15. Rh2 Kg7 16. Qh6+ Kf6 17. Qh4+ Ke6 18. Bxf3 Nxf3+ 19. exf3 Rh8 20. Qg4+ Kf6 21. Rxh8 Rxh8 22. Ke2 Qc6 23. Qc4 Qxc4 24. dxc4 Rd8 25. Ke3 Ke6 26. Rh1 a5 27. b3 b6 28. Rc1 Rd4 29. f4 c5 30. fxe5 Kxe5 31. Rh1 Rd6 32. Rh8 Kf6 33. Rb8 Ke6 34. g4 Kf6 35. Kf4 g5+ 36. Kf3 Ke5 37. Ke3 f6 38. Re8+ Re6 39. Rxe6+ Kxe6 1-0

[Event "Wch Blitz"]
[Site "New York"]
[Date "2024.12.30"]
[Round "3"]
[White "Nogerbek, Kazybek"]
[Black "Shankland, Samuel L"]
[Result "0-1"]
[WhiteElo "2527"]
[BlackElo "2672"]
[PlyCount "86"]
[EventDate "2024.12.30"]
[EventType "swiss (blitz)"]
[EventRounds "13"]
[EventCountry "USA"]
[SourceTitle "CB01_2025"]
[SourceDate "2025.01.01"]
[SourceVersion "1"]
[SourceVersionDate "2025.01.01"]
[SourceQuality "1"]

1. d4 Nf6 2. c4 g6 3. Nc3 Bg7 4. e4 d6 5. Nf3 0-0 6. Be2 e5 7. 0-0 Bg4 8. d5 a5 9. Ne1 Bd7 10. Nd3 Na6 11. Be3 b6 12. b3 Nxe4 13. Nxe4 f5 14. f3 fxe4 15. fxe4 Qh4 16. Bf3 Bh6 17. Qe1 Qxe1 18. Raxe1 Kg7 19. a3 Nc5 20. Nc1 Bxe3+ 21. Rxe3 b5 22. cxb5 Bxb5 23. Rf2 Rab8 24. Rc2 Ba6 25. Rec3 Rb6 26. Rxc5 dxc5 27. Rxc5 c6 28. dxc6 Rc8 29. c7 Rb7 30. Rxa5 Rcxc7 31. Na2 Rxb3 32. Nb4 Rb2 33. h3 Be2 34. Bxe2 Rxe2 35. Rxe5 Rc3 36. Rg5 Rxa3 37. Rg4 h5 38. Rf4 Rb3 39. Nd5 Rbb2 40. g4 hxg4 41. hxg4 Rb1+ 42. Rf1 Rxf1+ 43. Kxf1 Rxe4 0-1

[Event "Wch Blitz"]
[Site "New York"]
[Date "2024.12.30"]
[Round "7"]
[White "Praggnanandhaa, Rameshbabu"]
[Black "Shankland, Samuel L"]
[Result "1-0"]
[WhiteElo "2737"]
[BlackElo "2672"]
[PlyCount "99"]
[EventDate "2024.12.30"]
[EventType "swiss (blitz)"]
[EventRounds "13"]
[EventCountry "USA"]
[SourceTitle "CB01_2025"]
[SourceDate "2025.01.01"]
[SourceVersion "1"]
[SourceVersionDate "2025.01.01"]
[SourceQuality "1"]

1. d4 Nf6 2. Bf4 c5 3. d5 d6 4. Nc3 e5 5. Bd2 e4 6. Bf4 Be7 7. e3 0-0 8. Nge2 Re8 9. Ng3 Bf8 10. Bg5 Be7 11. Bxf6 Bxf6 12. Ngxe4 Be5 13. Bd3 f5 14. Nd2 f4 15. 0-0 fxe3 16. fxe3 g6 17. Qf3 Nd7 18. Nc4 Qe7 19. Ne4 Kg7 20. Rf2 Rf8 21. Qe2 Rxf2 22. Qxf2 b5 23. Na5 c4 24. Nc6 Qe8 25. Be2 Bb7 26. Rf1 Bxc6 27. dxc6 Nc5 28. Ng5 Qe7 29. Qf7+ Qxf7 30. Rxf7+ Kg8 31. Rc7 d5 32. Rf7 h6 33. Re7 Bf6 34. Rc7 Bxg5 35. Bf3 Rd8 36. Rxa7 Bxe3+ 37. Kf1 Bf4 38. g3 Be5 39. Bg4 Rf8+ 40. Ke2 Rf7 41. Ra5 Ne4 42. Rxb5 Rf2+ 43. Ke3 Rxc2 44. Rxd5 Bc7 45. Kxe4 Rxb2 46. Rd7 Bb6 47. Rb7 c3 48. c7 Bxc7 49. Rxc7 Rxa2 50. Be6+ 1-0

[Event "Wch Blitz"]
[Site "New York"]
[Date "2024.12.30"]
[Round "8"]
[White "Shankland, Samuel L"]
[Black "Amar, Elham"]
[Result "1/2-1/2"]
[WhiteElo "2672"]
[BlackElo "2534"]
[PlyCount "85"]
[EventDate "2024.12.30"]
[EventType "swiss (blitz)"]
[EventRounds "13"]
[EventCountry "USA"]
[SourceTitle "CB01_2025"]
[SourceDate "2025.01.01"]
[SourceVersion "1"]
[SourceVersionDate "2025.01.01"]
[SourceQuality "1"]

1. Nf3 d5 2. g3 Nc6 3. d4 Bf5 4. Bg2 e6 5. 0-0 Nb4 6. Na3 Nc6 7. c4 Bxa3 8. bxa3 Be4 9. Bf4 dxc4 10. Qa4 Nge7 11. Qxc4 0-0 12. Rfd1 Nd5 13. Bg5 Qd6 14. Qb3 Na5 15. Qa4 b6 16. Rac1 Rac8 17. Bd2 Nb7 18. Qxa7 Ne3 19. Bb4 Qd5 20. Bxf8 Nxd1 21. Rxd1 Rxf8 22. Ne1 Bxg2 23. Nxg2 Qc6 24. Qa6 Nd6 25. Qd3 Ra8 26. Ne3 Qa4 27. Rc1 Nb5 28. d5 Qxa3 29. Qc4 exd5 30. Nxd5 h6 31. Rc2 Qa4 32. Qd3 Re8 33. e3 Kh8 34. Kg2 Rd8 35. e4 Nd6 36. Rxc7 Nxe4 37. Nxb6 Rxd3 38. Nxa4 Rd2 39. Kf3 Nxf2 40. Nc3 Nd1 41. Nxd1 Rxd1 42. Kg2 Rd2+ 43. Kh3 1/2-1/2

[Event "Wch Blitz"]
[Site "New York"]
[Date "2024.12.30"]
[Round "6"]
[White "Shankland, Samuel L"]
[Black "Firouzja, Alireza"]
[Result "0-1"]
[WhiteElo "2672"]
[BlackElo "2763"]
[PlyCount "60"]
[EventDate "2024.12.30"]
[EventType "swiss (blitz)"]
[EventRounds "13"]
[EventCountry "USA"]
[SourceTitle "CB01_2025"]
[SourceDate "2025.01.01"]
[SourceVersion "1"]
[SourceVersionDate "2025.01.01"]
[SourceQuality "1"]

1. Nf3 Nf6 2. g3 g6 3. Bg2 Bg7 4. 0-0 0-0 5. d4 d6 6. Re1 Nbd7 7. e4 e5 8. Nc3 a6 9. a4 b6 10. b3 Bb7 11. dxe5 dxe5 12. Ba3 Re8 13. Qe2 Bf8 14. Bb2 c6 15. Red1 b5 16. Ne1 Qc7 17. Nd3 Nc5 18. Bc1 Ne6 19. Be3 Nd4 20. Qd2 b4 21. Ne2 c5 22. Bxd4 cxd4 23. f3 a5 24. Bh3 Ra6 25. Rac1 h5 26. Nb2 Kh7 27. Qd3 Bh6 28. Rb1 Rc6 29. Nc4 Ba6 30. Bf1 Rxc4 0-1

[Event "Wch Blitz"]
[Site "New York"]
[Date "2024.12.30"]
[Round "2"]
[White "Shankland, Samuel L"]
[Black "Gagunashvili, Merab"]
[Result "1-0"]
[WhiteElo "2672"]
[BlackElo "2541"]
[PlyCount "129"]
[EventDate "2024.12.30"]
[EventType "swiss (blitz)"]
[EventRounds "13"]
[EventCountry "USA"]
[SourceTitle "CB01_2025"]
[SourceDate "2025.01.01"]
[SourceVersion "1"]
[SourceVersionDate "2025.01.01"]
[SourceQuality "1"]

1. d4 d5 2. c4 c6 3. Nc3 Nf6 4. e3 e6 5. Nf3 a6 6. b3 Nbd7 7. Bd3 Bb4 8. Bb2 0-0 9. 0-0 Qe7 10. a3 Bd6 11. Qc2 e5 12. cxd5 cxd5 13. e4 exd4 14. Nxd5 Nxd5 15. exd5 Nf6 16. Bxd4 Bg4 17. Rfe1 Qc7 18. Qxc7 Bxc7 19. Ne5 Bh5 20. Rac1 Bd6 21. Nc4 Rfd8 22. Bb6 Rd7 23. Bf5 Bf4 24. Be3 Rxd5 25. Nb6 Bxe3 26. Rxe3 Rxf5 27. Nxa8 g5 28. h3 Nd5 29. Re8+ Kg7 30. Rc5 Bg6 31. Rd8 Nf4 32. Rxf5 Bxf5 33. Nb6 Be6 34. b4 Ne2+ 35. Kf1 Nc3 36. Ke1 Kf6 37. Rd3 Nb5 38. a4 Na7 39. Nd7+ Ke7 40. Nc5 Nc6 41. b5 axb5 42. axb5 Nb4 43. Rd2 Bc4 44. Rd7+ Kf6 45. Rxb7 Ke5 46. Kd2 Kd5 47. Rc7 Bxb5 48. Nb3 Bc6 49. Rxf7 Ke6 50. Rxh7 Bxg2 51. h4 gxh4 52. Rxh4 Nd5 53. Nd4+ Ke5 54. Ne2 Ne7 55. Ng3 Ng6 56. Rb4 Bc6 57. Ke3 Ne7 58. f4+ Ke6 59. Rc4 Bb5 60. Rc1 Ba6 61. Kf3 Bb7+ 62. Kg4 Nd5 63. Kg5 Ne7 64. f5+ Kf7 65. Rc7 1-0

[Event "Wch Blitz"]
[Site "New York"]
[Date "2024.12.30"]
[Round "13"]
[White "Shankland, Samuel L"]
[Black "Karthik, Venkataraman"]
[Result "1-0"]
[WhiteElo "2672"]
[BlackElo "2603"]
[PlyCount "79"]
[EventDate "2024.12.30"]
[EventType "swiss (blitz)"]
[EventRounds "13"]
[EventCountry "USA"]
[SourceTitle "CB01_2025"]
[SourceDate "2025.01.01"]
[SourceVersion "1"]
[SourceVersionDate "2025.01.01"]
[SourceQuality "1"]

1. d4 c5 2. d5 d6 3. Nc3 g6 4. e4 Bg7 5. Bb5+ Bd7 6. a4 Nf6 7. Nf3 0-0 8. h3 Na6 9. 0-0 Bxb5 10. axb5 Nc7 11. Re1 Nd7 12. Qd3 a6 13. bxa6 Nxa6 14. Bf4 Nb4 15. Qd2 Re8 16. Ra3 Rxa3 17. bxa3 Na6 18. Nb5 Nc7 19. Qd3 Nxb5 20. Qxb5 Qc7 21. e5 Rd8 22. exd6 exd6 23. Ng5 Qb6 24. Rb1 Qxb5 25. Rxb5 b6 26. Bxd6 Ra8 27. Bc7 Rxa3 28. Bxb6 Be5 29. g3 Rc3 30. Ba5 Rxc2 31. Rb7 Nf6 32. Nxf7 Bd4 33. d6 Rxf2 34. Nh6+ Kh8 35. Bc3 Rd2+ 36. Bxd4 Rxd4 37. Rc7 c4 38. g4 g5 39. Rc8+ Kg7 40. Nf5+ 1-0

[Event "Wch Blitz"]
[Site "New York"]
[Date "2024.12.30"]
[Round "10"]
[White "Shankland, Samuel L"]
[Black "Madaminov, Mukhiddin"]
[Result "1-0"]
[WhiteElo "2672"]
[BlackElo "2501"]
[PlyCount "99"]
[EventDate "2024.12.30"]
[EventType "swiss (blitz)"]
[EventRounds "13"]
[EventCountry "USA"]
[SourceTitle "CB01_2025"]
[SourceDate "2025.01.01"]
[SourceVersion "1"]
[SourceVersionDate "2025.01.01"]
[SourceQuality "1"]

1. d4 Nf6 2. c4 e6 3. Nc3 d5 4. Bg5 Be7 5. e3 0-0 6. Qc2 h6 7. Bh4 Nbd7 8. Nf3 b6 9. cxd5 Nxd5 10. Nxd5 exd5 11. Bxe7 Qxe7 12. Qxc7 Qb4+ 13. Qc3 Qd6 14. Bd3 Nf6 15. 0-0 Ne4 16. Qb3 Bf5 17. Rfc1 Rac8 18. Qa3 Qxa3 19. bxa3 f6 20. a4 Bh7 21. Ba6 Rc3 22. Bb7 Rd8 23. Kf1 Rd7 24. Ba6 Rdc7 25. Rxc3 Nxc3 26. Rc1 Kf8 27. Ke1 Ke7 28. a5 bxa5 29. Nd2 a4 30. f3 Kd6 31. a3 Rc6 32. Bf1 a6 33. Bxa6 Rc7 34. Bf1 g5 35. e4 Rc8 36. Nc4+ dxc4 37. Rxc3 Bg8 38. d5 Rb8 39. Rxc4 f5 40. Rxa4 fxe4 41. fxe4 Rb1+ 42. Kf2 Ke5 43. Ra8 Bh7 44. Re8+ Kd4 45. d6 Rb2+ 46. Be2 Rb7 47. e5 Bf5 48. Re7 Rb8 49. d7 Rf8 50. Re8 1-0

[Event "Wch Blitz"]
[Site "New York"]
[Date "2024.12.30"]
[Round "4"]
[White "Shankland, Samuel L"]
[Black "So, Wesley"]
[Result "1-0"]
[WhiteElo "2672"]
[BlackElo "2747"]
[PlyCount "163"]
[EventDate "2024.12.30"]
[EventType "swiss (blitz)"]
[EventRounds "13"]
[EventCountry "USA"]
[SourceTitle "CB01_2025"]
[SourceDate "2025.01.01"]
[SourceVersion "1"]
[SourceVersionDate "2025.01.01"]
[SourceQuality "1"]

1. Nf3 d5 2. g3 c5 3. Bg2 Nc6 4. d4 e6 5. 0-0 cxd4 6. Nxd4 Nge7 7. c4 Nxd4 8. Qxd4 Nc6 9. Qd3 d4 10. a3 a5 11. e3 Bc5 12. exd4 Bxd4 13. Rd1 e5 14. Qe2 0-0 15. Nc3 Be6 16. Nb5 Qd7 17. Be3 Rfd8 18. c5 a4 19. Rac1 Bg4 20. Bf3 h5 21. Bxg4 Qxg4 22. Qxg4 hxg4 23. Bxd4 exd4 24. Kf1 Rd7 25. Nd6 Ra5 26. Rc4 b6 27. Ne4 b5 28. Rcc1 Rd5 29. Nd6 g6 30. Ke2 Kg7 31. Kd3 f5 32. Re1 b4 33. Nb7 Ra7 34. Kc4 Re5 35. Nd6 bxa3 36. bxa3 Rae7 37. Rxe5 Rxe5 38. Kb5 Nd8 39. Kb6 Rd5 40. Nb5 d3 41. c6 d2 42. Rd1 Nxc6 43. Kxc6 Rd3 44. Kc5 Kf6 45. Kc4 Rd8 46. Nd4 Rc8+ 47. Kd3 Rh8 48. Rxd2 Rxh2 49. Kc4 f4 50. Re2 g5 51. Kb4 Rg2 52. Kxa4 fxg3 53. fxg3 Kg6 54. Re4 Rxg3 55. Kb4 Kh5 56. Nf5 Rf3 57. Nd4 Rh3 58. Ne2 g3 59. a4 g2 60. a5 Rh1 61. a6 g1Q 62. Nxg1 Rxg1 63. Kb5 Rb1+ 64. Rb4 Ra1 65. Ra4 Rb1+ 66. Kc6 Rb8 67. a7 Ra8 68. Kb7 Rf8 69. a8Q Rxa8 70. Rxa8 Kg4 71. Kc6 Kf3 72. Rf8+ Ke3 73. Rg8 Kf4 74. Kd5 g4 75. Kd4 Kf3 76. Kd3 g3 77. Rf8+ Kg2 78. Ke2 Kh1 79. Rh8+ Kg1 80. Kf3 g2 81. Rg8 Kh1 82. Kf2 1-0

[Event "Wch Blitz"]
[Site "New York"]
[Date "2024.12.30"]
[Round "9"]
[White "Vokhidov, Shamsiddin"]
[Black "Shankland, Samuel L"]
[Result "1-0"]
[WhiteElo "2681"]
[BlackElo "2672"]
[PlyCount "71"]
[EventDate "2024.12.30"]
[EventType "swiss (blitz)"]
[EventRounds "13"]
[EventCountry "USA"]
[SourceTitle "CB01_2025"]
[SourceDate "2025.01.01"]
[SourceVersion "1"]
[SourceVersionDate "2025.01.01"]
[SourceQuality "1"]

1. e4 c5 2. Nf3 d6 3. Bb5+ Nd7 4. a4 Ngf6 5. Nc3 a6 6. Be2 b6 7. d4 cxd4 8. Qxd4 Bb7 9. 0-0 e6 10. Rd1 Be7 11. Be3 0-0 12. e5 dxe5 13. Nxe5 Nxe5 14. Qxe5 Qc8 15. Qg3 Ne4 16. Nxe4 Bxe4 17. c3 Rb8 18. Bd4 f6 19. Qe3 Qc6 20. f3 Bf5 21. Bxa6 e5 22. Qe2 Be6 23. Bb5 Qc7 24. Be3 f5 25. Rd2 e4 26. f4 Bc5 27. Qf2 Rfd8 28. Rad1 Be7 29. Rxd8+ Rxd8 30. Rxd8+ Bxd8 31. Bd4 Qd6 32. b4 Bc7 33. g3 Kf7 34. Qe2 Qd5 35. Qh5+ Kf8 36. Qe8# 1-0

[Event "Wch Rapid"]
[Site "New York"]
[Date "2024.12.28"]
[Round "12"]
[White "Abdusattorov, Nodirbek"]
[Black "Shankland, Samuel L"]
[Result "1-0"]
[WhiteElo "2740"]
[BlackElo "2618"]
[PlyCount "87"]
[EventDate "2024.12.26"]
[EventType "swiss (rapid)"]
[EventRounds "13"]
[EventCountry "USA"]
[SourceTitle "CB01_2025"]
[SourceDate "2025.01.01"]
[SourceVersion "1"]
[SourceVersionDate "2025.01.01"]
[SourceQuality "1"]

1. e4 c5 2. Nf3 d6 3. Bb5+ Nd7 4. c4 Ngf6 5. Nc3 g6 6. 0-0 Bg7 7. d3 0-0 8. Ba4 b6 9. h3 Bb7 10. Re1 Ne5 11. Nxe5 dxe5 12. a3 Nh5 13. Rb1 e6 14. b4 Nf4 15. Bc2 cxb4 16. axb4 f5 17. Rb3 Qg5 18. Qf3 Rad8 19. Ne2 Qe7 20. Nxf4 exf4 21. Bxf4 e5 22. Be3 fxe4 23. Qg3 exd3 24. Bxd3 e4 25. Bf1 Be5 26. Qg5 Qxg5 27. Bxg5 Bd4 28. Re2 Bf6 29. Bh6 Rf7 30. Ra2 Bc8 31. Rb1 g5 32. c5 Be6 33. Re2 Rd4 34. h4 gxh4 35. Be3 bxc5 36. bxc5 Rd8 37. Rc2 Rc7 38. c6 Rdc8 39. Ba6 Rf8 40. Bf4 Rcf7 41. c7 Bd4 42. Be3 Bxe3 43. fxe3 Bc8 44. Bc4 1-0

[Event "Wch Rapid"]
[Site "New York"]
[Date "2024.12.28"]
[Round "11"]
[White "Aronian, Levon"]
[Black "Shankland, Samuel L"]
[Result "1/2-1/2"]
[WhiteElo "2757"]
[BlackElo "2618"]
[PlyCount "106"]
[EventDate "2024.12.26"]
[EventType "swiss (rapid)"]
[EventRounds "13"]
[EventCountry "USA"]
[SourceTitle "CB01_2025"]
[SourceDate "2025.01.01"]
[SourceVersion "1"]
[SourceVersionDate "2025.01.01"]
[SourceQuality "1"]

1. e4 c5 2. Nf3 d6 3. Bb5+ Nd7 4. 0-0 a6 5. Bxd7+ Bxd7 6. d4 cxd4 7. Qxd4 Nf6 8. Bg5 e6 9. Nbd2 Be7 10. Rad1 Rc8 11. Rfe1 h6 12. Bxf6 Bxf6 13. Qxd6 Rxc2 14. Nb3 Qc7 15. Qb4 Rc4 16. Qd2 Ba4 17. Rc1 0-0 18. Rxc4 Qxc4 19. Rc1 Qxe4 20. Nc5 Qc6 21. b3 Rd8 22. Qe3 Bb2 23. Rb1 Bb5 24. a4 Bd4 25. Nxd4 Qxc5 26. Nxe6 Qf5 27. Rc1 Qxe6 28. axb5 axb5 29. Qxe6 fxe6 30. h4 Rd3 31. Rc7 Rxb3 32. Rxb7 b4 33. Re7 Rb1+ 34. Kh2 Re1 35. f3 b3 36. Rb7 Rb1 37. Kg3 b2 38. Kg4 g6 39. Kg3 Kf8 40. Kh2 Ke8 41. Kg3 Kd8 42. Rb3 Ke7 43. Rb6 Kf6 44. Rb5 e5 45. Rb6+ Kf5 46. Kf2 h5 47. Rb5 g5 48. hxg5 Kg6 49. Kg3 h4+ 50. Kg4 h3 51. Rb6+ Kf7 52. Kg3 Kg7 53. Kh2 hxg2 1/2-1/2

[Event "Wch Rapid"]
[Site "New York"]
[Date "2024.12.28"]
[Round "13"]
[White "Shankland, Samuel L"]
[Black "Bjerre, Jonas Buhl"]
[Result "0-1"]
[WhiteElo "2618"]
[BlackElo "2524"]
[PlyCount "104"]
[EventDate "2024.12.26"]
[EventType "swiss (rapid)"]
[EventRounds "13"]
[EventCountry "USA"]
[SourceTitle "CB01_2025"]
[SourceDate "2025.01.01"]
[SourceVersion "1"]
[SourceVersionDate "2025.01.01"]
[SourceQuality "1"]

1. d4 Nf6 2. c4 e6 3. Nc3 Bb4 4. e3 0-0 5. Nge2 Re8 6. d5 a5 7. g3 Na6 8. Bg2 Nc5 9. 0-0 d6 10. dxe6 Bxe6 11. Nd5 Bxd5 12. cxd5 a4 13. Nd4 Qd7 14. Qc2 Re5 15. Qc4 Na6 16. b3 a3 17. Nc2 b5 18. Qd3 h5 19. Nd4 Nc5 20. Qxb5 Bc3 21. Qxd7 Ncxd7 22. Rb1 Bxd4 23. exd4 Re2 24. Ra1 Nb6 25. Bf3 Rc2 26. Bg5 Nfxd5 27. Rfc1 Rb2 28. Bxh5 Ra5 29. Bf3 Nb4 30. Bd8 Rf5 31. Be4 Rfxf2 32. Bxc7 N6d5 33. Bxd6 f5 34. Bh1 Kf7 35. Re1 Rxa2 36. Rxa2 Rxa2 37. Bf3 Kf6 38. Be5+ Kg6 39. Bd6 Rb2 40. Bxd5 a2 41. Bxb4 Rb1 42. Kg2 a1Q 43. Rxb1 Qxb1 44. Bc5 Qb2+ 45. Kg1 Kg5 46. h3 f4 47. gxf4+ Kh4 48. f5 Kxh3 49. Kf1 Qb1+ 50. Ke2 Qxf5 51. Bc6 g5 52. d5 Qc2+ 0-1

[Event "Wch Rapid"]
[Site "New York"]
[Date "2024.12.28"]
[Round "10"]
[White "Shankland, Samuel L"]
[Black "Isanzhulov, Arystan"]
[Result "1-0"]
[WhiteElo "2618"]
[BlackElo "2427"]
[PlyCount "65"]
[EventDate "2024.12.26"]
[EventType "swiss (rapid)"]
[EventRounds "13"]
[EventCountry "USA"]
[SourceTitle "CB01_2025"]
[SourceDate "2025.01.01"]
[SourceVersion "1"]
[SourceVersionDate "2025.01.01"]
[SourceQuality "1"]

1. d4 Nf6 2. c4 e6 3. Nc3 Bb4 4. e3 0-0 5. Nge2 c6 6. a3 Ba5 7. c5 Bc7 8. g3 b6 9. Bg2 Ba6 10. 0-0 bxc5 11. dxc5 e5 12. b4 Bc4 13. Qc2 d5 14. cxd6 Qxd6 15. Bb2 Qe6 16. Rac1 Bb3 17. Qb1 a6 18. Ne4 Nxe4 19. Bxe4 f5 20. Bg2 Ra7 21. Bh3 Qf7 22. Nc3 Nd7 23. Ba1 g6 24. e4 Bc4 25. Rfd1 Nf6 26. exf5 Bb6 27. Na4 Bc7 28. fxg6 hxg6 29. Rxc4 Qxc4 30. Qxg6+ Kh8 31. Qh6+ Nh7 32. Rd7 Qc1+ 33. Qxc1 1-0

[Event "Wch Rapid"]
[Site "New York"]
[Date "2024.12.27"]
[Round "7"]
[White "Shankland, Samuel L"]
[Black "Caruana, Fabiano"]
[Result "1/2-1/2"]
[WhiteElo "2618"]
[BlackElo "2766"]
[PlyCount "118"]
[EventDate "2024.12.26"]
[EventType "swiss (rapid)"]
[EventRounds "13"]
[EventCountry "USA"]
[SourceTitle "CB01_2025"]
[SourceDate "2025.01.01"]
[SourceVersion "1"]
[SourceVersionDate "2025.01.01"]
[SourceQuality "1"]

1. Nf3 Nf6 2. g3 b5 3. d3 Bb7 4. e4 e6 5. Bg2 c5 6. 0-0 Be7 7. e5 Nd5 8. c4 Nb6 9. Qe2 0-0 10. Nc3 bxc4 11. dxc4 Nc6 12. Rd1 f6 13. exf6 Bxf6 14. Be3 Bxc3 15. bxc3 Qe7 16. Ng5 Na5 17. Bxb7 Nxb7 18. Qd3 Rf5 19. h4 Na5 20. g4 Rxg5 21. Bxg5 Qf7 22. Qe2 Naxc4 23. Rd3 Rf8 24. h5 h6 25. Bh4 d5 26. Kg2 e5 27. Rf3 Qxf3+ 28. Qxf3 Rxf3 29. Kxf3 Kf7 30. Ke2 Ke6 31. Rg1 d4 32. cxd4 exd4 33. g5 Kf5 34. gxh6 gxh6 35. Be7 Na4 36. Bf8 Nc3+ 37. Kd3 Ne5+ 38. Kc2 Ne2 39. Re1 d3+ 40. Kd2 Nf3+ 41. Kxd3 Nf4+ 42. Kc4 Nxe1 43. Bxh6 Ne6 44. Be3 Nf3 45. h6 Kg6 46. Bxc5 a6 47. Be3 Nh2 48. Kb4 Ng4 49. Ka5 Nxe3 50. fxe3 Nc5 51. Kb6 Nd3 52. a4 Kxh6 53. Kxa6 Nc5+ 54. Kb5 Nxa4 55. Kxa4 Kg5 56. Kb4 Kf5 57. Kc3 Ke4 58. Kd2 Ke5 59. e4 Kxe4 1/2-1/2